| 000 | 01883nam a2200337 i 4500 | ||
|---|---|---|---|
| 001 | 991061729802306706 | ||
| 003 | ES-BaIT | ||
| 005 | 20260302085419.0 | ||
| 008 | 260302e202511 fr r 000 d fre c | ||
| 020 | _a9782749816999 | ||
| 040 |
_aES-BaIT _bcat _erda _cES-BaIT |
||
| 080 | _a840-2"20" | ||
| 100 | 1 |
_aSusini, Pauline _eautor _9168755 |
|
| 245 | 1 | 4 |
_aLes Consolantes / _cPauline Susini |
| 264 | 1 |
_aParis : _bL'avant-scène théâtre, _cnovembre 2025 |
|
| 300 |
_a55 pàgines ; _c21 cm |
||
| 336 |
_atext _btxt _2rdacontent |
||
| 337 |
_asense mediació _bn _2rdamedia |
||
| 338 |
_avolum _bnc _2rdacarrier |
||
| 490 | 1 |
_aL'Avant-scène théâtre ; _vno 1583 |
|
| 500 | _aP25: D9, H16 | ||
| 500 | _aPublicat com no 1583 (novembre 2025) de la revista L'Avant-scène théâtre | ||
| 500 | _aEstrena La Garance-Scène nationale (Cavaillon) l'11 de gener de 2024 | ||
| 520 | _a"Les entretiens des témoins du 13 novembre 2015, collectés par l’Institut d’Histoire du Temps Présent, sont la pierre angulaire de ce texte sur la reconstruction intime et collective. L’expérience traumatique, ici retranscrite et remodelée, entre œuvre documentaire et fiction théâtrale inspirée des codes de la tragédie grecque, permet une transmission inédite. Pauline Susini excelle dans un jeu d’équilibriste, entre émotion pure et juste distance d’un regard qui élève le spectateur et le lecteur. Ce texte est un hommage aux simples mortels, aux invisibles, aux anti-héros, aux fantômes, tous témoins de ces événements et de ce qu’il reste dix ans après." -- Contracoberta | ||
| 650 | 0 |
_a15 de novembre de 2015, atemptats, París, França _vTextos dramàtics _9168756 |
|
| 650 | 0 |
_aVíctimes del terrorisme _vTextos dramàtics _9168757 |
|
| 830 |
_aAvant-scène. _pThéâtre _vno 1583 _9168170 |
||
| 908 | _aCDMAE | ||
| 940 | _aCDMAE | ||
| 942 |
_2udc _c1 |
||
| 999 |
_c137172 _d137172 |
||